000 00740nam a22001937a 4500
999 _c150765
_d150765
010 _aB-690842-843 ENG-125297
020 _a9789350483954
_c150.00
035 _aB-690842-843 EN-108829
037 _bOcean Books
082 _a920
100 _aGopi Krishan Kumar
245 _aThe life and times of Birsa Munda /
_cby Gopi Krishan Kumar
260 _aNew Delhi
_bPrabhat Books
_c2013
270 _a4/19 Asaf Ali Road, New Delhi-110002
_bNew Delhi
_e110002
300 _a120p. :
_c22cm(Hb)
_bill
500 _aBalidani
942 _2ddc
_cEN
_h920
_mGOP